[Event "RUS-chT Blitz Men 2018"]
[Site "Sochi"]
[Date "2018.10.10"]
[Round "5"]
[White "Klimentov, Evgeny"]
[Black "Rozhko, Dmitry"]
[Result "1-0"]
[WhiteElo "2135"]
[BlackElo "2305"]
[Annotator "TA"]
[PlyCount "121"]
[EventDate "2018.10.10"]
[EventType "swiss"]
[EventCountry "RUS"]
[SourceTitle "playchess.com"]
[Source "ChessBase"]
[SourceQuality "1"]

{[%evp 21,121,39,53,49,62,25,49,34,67,62,70,68,86,71,77,63,80,50,49,45,51,39,33,0,29,18,59,30,56,5,25,3,12,0,0,0,27,0,17,0,20,0,25,0,18,0,31,19,22,20,29,14,24,14,27,14,13,14,10,14,48,5,122,0,43,38,46,35,43,0,13,0,5,0,0,0,0,0,0,0,0,0,0,0,0,0,0,0,0,0,0,0,0,0,0,-12845,-741,-1388,-17,-12845,0,-29985]} 1. e4 e6 2. d4 d5 3. Nd2 dxe4 4. Nxe4 Bd7 5. Nf3 Bc6 6. Bd3 Nd7 7. Ng3 Ngf6 8. O-O Be7 9. c3 O-O 10. Re1 Bxf3 11. Qxf3 c6 12. Bc2 {C10: French with 3 Nc3: Unusual Black 3rd moves and 3...dxe4} Re8 13. Bg5 (13. h4 Qa5 14. a4 Rad8 15. b4 Qc7 16. a5 Bd6 17. Bb3 Bxg3 18. fxg3 Nd5 19. Ra2 e5 {0-1 (35) Nepomniachtchi,I (2720)-Gelfand,B (2741) Moscow 2010}) 13... Nf8 14. Rad1 $146 {White is slightly better.} ({Predecessor:} 14. Re2 Qd5 15. Qxd5 cxd5 16. Rae1 b5 17. Nf5 {½-½ (69) Kroeger,J (2080)-Lutz,M (1944) Buxtehude 2005}) 14... Nd5 15. Bc1 Qa5 16. a3 Rad8 17. Ne4 Nf6 18. Ng5 h6 19. Nh3 Qh5 20. Qg3 Qg4 21. Qe3 Nd5 22. Qg3 Qxg3 (22... Nf6 {is more complex.}) 23. hxg3 Rd7 24. Nf4 (24. g4 {is interesting.} b5 25. g3 Nh7 26. f4 Nf8 27. Kg2) 24... Nxf4 25. Bxf4 (25. gxf4 $14 Rdd8 26. Re2) 25... Red8 26. Kf1 Bg5 27. Ke2 Bxf4 28. gxf4 Rd6 29. Kf3 Nd7 30. g3 Nf6 31. Rc1 Nd5 32. Re5 Nf6 33. Rce1 Rd5 34. f5 (34. g4 {with more complications.} Kf8 35. g5 hxg5 36. fxg5 Rxe5 37. Rxe5 Nd7 38. Re4) 34... Rxe5 35. Rxe5 exf5 36. Bxf5 $11 {[%mdl 4096] Endgame KRB-KRN} Kf8 37. Bc2 (37. a4 {seems wilder.} g6 38. Bh3 Nd7 39. Re2 Nb6 40. a5) 37... Re8 38. Rxe8+ (38. a4 {keeps more tension.} Nd5 39. Ke4 Nf6+ 40. Kf5 Nd5 41. a5) 38... Kxe8 {KB-KN} 39. Kf4 Ke7 40. c4 b6 41. Bf5 c5 (41... Kd6 $11) 42. Ke3 ({Better is} 42. dxc5 $16 bxc5 43. Ke5) 42... Kd6 43. b4 Ng8 44. Bh3 Ne7 45. Kd3 Nc6 46. dxc5+ bxc5 47. b5 Ne5+ 48. Kc3 g5 49. a4 Kc7 50. a5 h5 51. Bf5 h4 52. gxh4 gxh4 53. Kb3 Nf3 54. Kc3 Ng5 {[#] And now ...h3 would win.} 55. f4 Ne6 56. Be4 Nxf4 {Threatens to win with ...h3.} 57. Kd2 h3 {aiming for ...Ng6.} 58. Bd5 $2 {[%mdl 8192]} (58. Ke3 $11 f5 59. Bxf5) 58... f6 (58... Nxd5 $142 59. cxd5 h2) 59. Bc6 a6 $2 (59... h2 $19 60. Ba8 Ng6) 60. Bd5 $2 {[%mdl 8192]} (60. Ke3 $11 Ne6 61. Bd5) 60... Kd6 $2 ({Black should play} 60... Nxd5 $19 61. b6+ {[#]} Nxb6 $1 {[%mdl 512]}) 61. b6 $2 {[%mdl 40960] Precision: White = 30%, Black = 29%. . Loss on Time!?} (61. Bf3 $11 Kc7 62. Ke3) 1-0

[Event "RUS-chT Blitz Men 2018"]
[Site "Sochi"]
[Date "2018.10.10"]
[Round "5"]
[White "Pervakov, Sergey"]
[Black "Kurbedinov, Ramis"]
[Result "0-1"]
[WhiteElo "2098"]
[BlackElo "2305"]
[Annotator "NA"]
[PlyCount "60"]
[EventDate "2018.10.10"]
[EventType "swiss"]
[EventCountry "RUS"]
[SourceTitle "playchess.com"]
[Source "ChessBase"]
[SourceQuality "1"]
[TimeControl "180+2"]

1. e4 g6 2. d4 {[%emt 0:00:02]} Bg7 {[%emt 0:00:00]} 3. Nc3 {[%emt 0:00:01]} d6 {[%emt 0:00:00]} 4. Nf3 {[%emt 0:00:01]} Nf6 {[%emt 0:00:01]} 5. Be2 {[%emt 0:00:01]} O-O {[%emt 0:00:08]} 6. O-O {[%emt 0:00:01]} Bg4 {[%emt 0:00:04]} 7. h3 {[%emt 0:00:06]} Bxf3 {[%emt 0:00:01]} 8. Bxf3 {[%emt 0:00:01]} Nc6 {[%emt 0:00:01]} 9. d5 {[%emt 0:00:07]} Ne5 {[%emt 0:00:01]} 10. Be2 c6 11. Be3 {[%emt 0:00:30]} cxd5 {[%emt 0:00:02]} 12. exd5 {[%emt 0:00:02]} a6 {[%emt 0:00:08]} 13. Qd2 {[%emt 0:00:13]} Rc8 {[%emt 0:00:06]} 14. Bh6 {[%emt 0:00:08]} Nc4 {[%emt 0:00:09]} 15. Bxc4 {[%emt 0:00:02]} Rxc4 {[%emt 0:00:00]} 16. Bxg7 {[%emt 0:00:02]} Kxg7 {[%emt 0:00:01]} 17. Rfe1 {[%emt 0:00:06]} Qc7 {[%emt 0:00:19]} 18. Rad1 {[%emt 0:00:11]} b5 {[%emt 0:00:14]} 19. Re2 {[%emt 0:00:23]} Rc8 {[%emt 0:00:11]} 20. a3 {[%emt 0:00:11]} Qb7 {[%emt 0:00:27]} 21. Rde1 {[%emt 0:00:04]} R8c7 {[%emt 0:00:03]} 22. Re3 {[%emt 0:00:13]} a5 {[%emt 0:00:24]} 23. b3 {[%emt 0:00:09]} R4c5 {[%emt 0:00:02]} 24. R3e2 {[%emt 0:00:23]} b4 {[%emt 0:00:11]} 25. Ne4 {[%emt 0:00:07]} Rxc2 {[%emt 0:00:12]} 26. Qxc2 {[%emt 0:00:24]} Rxc2 {[%emt 0:00:02]} 27. Rxc2 {[%emt 0:00:01]} Nxe4 {[%emt 0:00:02]} 28. Rxe4 {[%emt 0:00:03]} bxa3 {[%emt 0:00:01]} 29. Re3 {[%emt 0:00:11]} a4 {[%emt 0:00:11]} 30. Ra2 {[%emt 0:00:10]} axb3 {[%emt 0:00:05]} 0-1

[Event "RUS-chT Blitz Men 2018"]
[Site "Sochi"]
[Date "2018.10.10"]
[Round "5"]
[White "Mochalin, Faddey"]
[Black "Moiseenko, Vadim"]
[Result "0-1"]
[WhiteElo "2032"]
[BlackElo "2492"]
[Annotator "TA"]
[PlyCount "108"]
[EventDate "2018.10.10"]
[EventType "swiss"]
[EventCountry "RUS"]
[SourceTitle "playchess.com"]
[Source "ChessBase"]
[SourceQuality "1"]

{[%evp 9,108,44,43,40,52,50,54,56,57,72,80,35,45,35,39,21,84,41,43,46,76,32,64,14,25,16,18,8,12,0,0,0,0,-15,-13,-13,-21,-17,0,0,0,0,-8,-29,-16,-14,-14,-15,-6,-59,-59,-83,-82,-116,-24,-87,-87,-87,-87,-120,-103,-106,-106,-107,-103,-135,-127,-473,-445,-1150,-810,-29970,-29971,-29967,-29971,-29970,-29971,-29971,-29972,-29976,-29977,-29979,-29979,-29977,-29980,-29981,-29982,-29982,-29983,-29983,-29984,-29984,-29985,-29985,-29986,-29986,-29986,-29987,-29987,-29998,-29999]} 1. d4 e6 2. c4 b6 3. e4 Bb7 4. Bd3 Bb4+ 5. Bd2 Bxd2+ 6. Qxd2 {A40: Unusual replies to 1 d4} d6 7. Ne2 Nd7 8. O-O {White is slightly better.} Ne7 9. Nbc3 O-O 10. b4 $146 ({Predecessor:} 10. f4 e5 11. fxe5 dxe5 12. d5 a5 13. Rf3 {0-1 (30) Nezad,H (2396)-Lenderman,A (2598) Doha 2014}) 10... a5 11. a3 c5 12. Nb5 Nf6 (12... Ba6 $11 {remains equal.}) 13. f3 (13. bxc5 {with more complications.} bxc5 14. d5 Ba6 15. Nec3 Rb8 16. f3) 13... axb4 14. axb4 Nc6 15. bxc5 bxc5 16. dxc5 dxc5 {[%cal Bd6c5,Bc5d4][%mdl 32]} 17. Rxa8 Bxa8 18. Rd1 e5 19. Bb1 Qb6 20. Nec3 Nd4 21. Nxd4 cxd4 22. Nd5 Bxd5 23. exd5 d3+ 24. Qf2 $1 {[%cal Rf2b6]} Qb3 25. Qd2 Qxc4 26. Qxd3 Qc5+ 27. Kh1 Rd8 {[%cal Rd8d5]} 28. d6 g6 29. h3 (29. Qd2 $1 $11) 29... Ne8 $15 {[%cal Rd8d6]} 30. d7 Nf6 $36 {[%mdl 2048] Keeping White busy.} 31. Ba2 Kg7 (31... Nxd7 32. Qb3 $11) (31... Rxd7 $17 32. Qb3 Rxd1+ 33. Qxd1 e4) 32. Qe2 (32. Qb3 $11 Qf8 33. Re1) 32... Rxd7 $17 33. Rxd7 Nxd7 34. Qd2 Qd4 35. Qc2 Nc5 36. Kh2 h5 {[%cal Bh7h5,Bh5h4][%mdl 32]} 37. Bc4 h4 38. Qa2 $2 {[%mdl 8192]} (38. Bb3 $17 {is a better chance.}) 38... e4 $19 39. Bxf7 (39. fxe4 $142 Nxe4 40. Bf1) 39... exf3 {[#] ( -> ...f2)} 40. gxf3 Qf4+ {Black mates.} 41. Kg2 Qg3+ 42. Kf1 Qxf3+ 43. Kg1 Qxf7 44. Qb2+ Qf6 45. Qb5 Ne6 46. Qb7+ Kh6 47. Qc6 Qf5 48. Kh2 Qe5+ 49. Kh1 Qe1+ 50. Kh2 Qg3+ 51. Kh1 Qxh3+ 52. Kg1 Qg3+ 53. Kh1 Nf4 54. Qxg6+ Qxg6 {Precision: White = 26%, Black = 61%.} 0-1

[Event "RUS-chT Blitz Men 2018"]
[Site "Sochi"]
[Date "2018.10.10"]
[Round "5"]
[White "Girshgorn, Leonid"]
[Black "Rakhmanov, Aleksandr"]
[Result "0-1"]
[WhiteElo "1925"]
[BlackElo "2634"]
[Annotator "TA"]
[PlyCount "68"]
[EventDate "2018.10.10"]
[EventType "swiss"]
[EventCountry "RUS"]
[SourceTitle "playchess.com"]
[Source "ChessBase"]
[SourceQuality "1"]

{[%evp 21,68,-11,16,-52,-75,-75,-66,-121,-116,-137,-27,-33,0,0,0,-106,-106,-121,-91,-88,-91,-107,-104,-116,-112,-112,-112,-115,-116,-116,-113,-127,-125,-138,-139,-134,-140,-359,-352,-342,-344,-504,-484,-644,-631,-1239,-1186,-1196,-1164]} 1. d4 Nf6 2. Bf4 d5 3. e3 c6 4. c4 Bf5 5. cxd5 cxd5 6. Qb3 Qb6 7. Qxb6 axb6 8. Nc3 e6 9. Nf3 Nc6 10. Bb5 Bb4 11. O-O Ke7 12. a3 $146 {D14: Slav Defence: Exchange variation with ...Bf5} (12. Na4 $11) ({Predecessor:} 12. Rfc1 Nd7 13. Na4 Ra5 14. Bxc6 bxc6 15. Nxb6 Nxb6 16. Ne5 Rc8 17. Nxc6+ Rxc6 18. Rxc6 Nc4 19. b3 Nd2 {1-0 (30) Vachier Lagrave,M (2768)-Batchuluun,T (2513) Tromsoe 2014}) 12... Bxc3 $1 $15 13. bxc3 Rhc8 14. Nh4 (14. a4 $15) 14... Be4 $17 15. Rfc1 {[#]} h6 ({Black should try} 15... Na5 $1 $17 {[%cal Ra5b3]} 16. Ra2 Nb3) 16. Nf3 $11 Na5 {Strongly threatening ...Nb3.} 17. Nd2 Bh7 18. c4 (18. f3 $11 {remains equal.}) 18... Bd3 $17 {[%cal Rd5c4]} 19. f3 Nxc4 20. Nxc4 Bxc4 21. Bxc4 Rxc4 22. Rxc4 dxc4 {[%mdl 4096] Endgame KRB-KRN} 23. e4 Kd7 24. Kf2 b5 {...b4! is the strong threat.} 25. Bd2 Ng8 26. Ke3 Ne7 27. Bc3 f6 28. Kd2 Nc6 29. d5 $2 {[#]} (29. Rb1 $17 {was called for.}) 29... exd5 $19 30. exd5 Ne7 31. Rb1 (31. Bb4 $142 Nxd5 32. Rg1) 31... Nxd5 {Black is clearly winning.} 32. Rxb5 Kc6 33. Ra5 Rxa5 34. Bxa5 b6 {Precision: White = 46%, Black = 73%.} 0-1

[Event "RUS-chT Blitz Men 2018"]
[Site "Sochi"]
[Date "2018.10.10"]
[Round "5"]
[White "Rudakov, Sergey S."]
[Black "Kozak, Alexander"]
[Result "1/2-1/2"]
[WhiteElo "1733"]
[BlackElo "2262"]
[Annotator "TA"]
[PlyCount "145"]
[EventDate "2018.10.10"]
[EventType "swiss"]
[EventCountry "RUS"]
[SourceTitle "playchess.com"]
[Source "ChessBase"]
[SourceQuality "1"]

{[%evp 9,145,42,62,57,70,65,79,80,79,79,92,87,88,54,75,52,54,52,48,35,52,6,22,0,0,0,68,8,8,0,0,0,107,107,176,176,191,177,175,125,216,65,66,50,43,43,87,87,87,87,87,84,84,84,113,112,160,158,155,113,113,113,113,113,113,78,79,72,79,0,7,12,55,0,0,0,256,0,0,0,82,86,64,52,60,54,66,24,30,0,0,0,0,0,0,0,0,0,0,0,0,0,0,0,0,0,0,0,0,0,0,0,0,0,0,0,0,0,0,0,0,0,0,0,0,0,0,0,0,0,0,0,0,0,0,0,0,0]} 1. e4 c6 2. d4 d5 3. Nd2 {[%cal Bb1d2,Bd2f3,Bf3g5][%mdl 32]} g6 4. e5 Bg7 5. f4 h5 {LiveBook: 4 Games} 6. Ngf3 {B12: Caro-Kann: Advance Variation} Bg4 (6... Nh6 7. Bd3 Bf5 8. Nf1 Qa5+ 9. Bd2 Qb6 10. Bc3 Bxd3 11. Qxd3 e6 12. Ne3 Nf5 13. Nxf5 gxf5 14. O-O Nd7 15. b3 {½-½ (15) Anisimov,P (2497)-Chernyshov,K (2567) Sochi 2007}) 7. h3 Bxf3 8. Nxf3 {White is better.} e6 9. Bd3 h4 $146 ({Predecessor:} 9... Ne7 10. Be3 Qb6 11. b3 Nf5 12. Bxf5 exf5 13. Qd2 {0-1 (40) Velchev,H (2261)-Nenkov,L (2294) Rudarci 2009}) 10. c3 Bf8 11. Ng5 {Strongly threatening Qg4.} Ne7 12. Be3 (12. Qg4 {with more complications.} Qd7 13. Be3 Nf5 14. Bf2 Qd8 15. Qe2) 12... Nf5 13. Bxf5 gxf5 14. Qe2 Be7 15. O-O-O Nd7 16. Nf3 b5 17. Rdg1 Nf8 (17... Nb6 $11) 18. Kb1 (18. g3 $14) 18... Ng6 19. g4 {Threatens to win with gxf5.} hxg3 $1 20. Rxg3 Qb6 {[#]} (20... Kd7 $11 {keeps the balance.}) 21. h4 $1 $16 {[%cal Bh3h4,Bh4h5][%mdl 32]} O-O-O (21... a5 $16 {might work better.} 22. h5 b4) 22. h5 $18 Rh6 23. Ng5 Nh8 24. Bd2 c5 {[#]} (24... Rg8 $16 25. Qf2 Qd8) 25. Be3 $2 (25. dxc5 $1 $18 Bxc5 26. Nf3) 25... c4 $14 26. a3 a5 27. Bd2 b4 28. cxb4 axb4 29. axb4 Bxb4 30. Bxb4 Qxb4 31. Ra3 Kb7 32. Qc2 Ra8 33. Rxa8 Kxa8 34. Qc3 Qxc3 35. bxc3 $16 {[%mdl 4096] Endgame KRN-KRN} Kb7 36. Kc2 Kc7 37. Kd2 Kd7 38. Ke3 Ke7 39. Rh3 ({White should play} 39. Kf2 $16) 39... f6 $11 40. Nf3 Nf7 (40... Ng6 $5) 41. Nh4 (41. Rh1 $14) 41... fxe5 42. Ng6+ Kf6 $2 {[%mdl 8192]} (42... Kd7 $11) 43. dxe5+ $2 ({And not} 43. Nxe5 Nd6 $11) (43. fxe5+ $18 Kg7 44. Nf4) 43... Kg7 44. Kd4 Nh8 (44... Nd8 $11) 45. Ne7 $16 Kf7 46. Nc8 Ke8 47. Nd6+ Kf8 48. Rh1 Ng6 49. Ra1 Rxh5 {The position is equal.} 50. Ra8+ Kg7 51. Ra7+ Kg8 52. Ra8+ Kg7 53. Ra7+ Kf8 54. Ra8+ Kg7 55. Ne8+ Kf7 56. Nf6 Rh1 57. Ra7+ Kf8 58. Ra8+ Kg7 (58... Kf7 $5 59. Ra7+ $8 Kf8 $11) 59. Ra7+ Kf8 60. Ra8+ Kg7 61. Ra7+ Kf8 62. Ra8+ Kf7 63. Ra7+ Kf8 64. Ra8+ Kf7 65. Ra7+ Kf8 66. Ra8+ Kf7 67. Ra7+ Kf8 68. Nh7+ Kg8 69. Nf6+ Kf8 70. Ra8+ Kf7 71. Ra7+ Kf8 72. Ra8+ $1 Kf7 73. Ra7+ {Precision: White = 53%, Black = 59%.} 1/2-1/2

[Event "RUS-chT Blitz Men 2018"]
[Site "Sochi"]
[Date "2018.10.10"]
[Round "6"]
[White "Artemiev, Vladislav"]
[Black "Dubov, Daniil"]
[Result "1/2-1/2"]
[WhiteElo "2706"]
[BlackElo "2703"]
[Annotator "TA"]
[PlyCount "132"]
[EventDate "2018.10.10"]
[EventType "swiss"]
[EventCountry "RUS"]
[SourceTitle "playchess.com"]
[Source "ChessBase"]
[SourceQuality "1"]

{[%evp 18,132,-41,-47,-35,-39,-48,-43,-34,-44,-40,-36,-25,-53,0,-7,-6,-16,19,24,17,10,14,15,65,49,52,32,19,31,59,0,0,0,0,0,0,0,15,0,1,2,21,8,9,0,8,2,14,2,2,2,2,0,0,0,0,0,31,31,31,31,31,31,48,48,48,48,48,48,61,61,61,48,48,48,61,48,48,48,48,48,48,48,48,48,48,48,48,48,48,48,48,8,8,0,0,0,0,0,0,0,0,0,0,0,0,0,0,0,0,0,0,0,0,0,0]} 1. d4 Nf6 2. Nf3 c5 3. c3 d5 4. e3 Nbd7 5. Nbd2 g6 6. Bd3 {D05: Colle System with ...e6} (6. b4 c4 7. Be2 Bg7 8. O-O O-O 9. Qc2 Nb6 10. e4 Nxe4 11. Nxe4 Bf5 12. Nfd2 dxe4 13. Nxe4 {½-½ (51) Artemiev,V (2697)-Gelfand,B (2695) Moscow 2018}) 6... Bg7 7. b4 c4 8. Bc2 O-O 9. O-O Qc7 10. e4 {LiveBook: 3 Games} e5 11. Re1 $146 ({Predecessor:} 11. dxe5 Nxe5 12. Nxe5 Qxe5 13. Nf3 Qxc3 {½-½ (31) Gochelashvili,D (2420)-Yakovich,Y (2576) Voronezh 2010}) 11... exd4 12. Nxd4 Ne5 13. h3 Nc6 14. N2f3 Nxd4 15. Nxd4 Nxe4 16. Bxe4 dxe4 17. Rxe4 Bf5 18. Nxf5 gxf5 19. Bf4 Qc6 $1 {[%cal Rc6e4]} 20. Re3 Rad8 21. Qh5 Rd3 $1 22. Rc1 Rxe3 23. Bxe3 Qe4 24. Bxa7 (24. Bh6 $14) 24... Bxc3 $11 25. Qf3 Qxf3 26. gxf3 Bxb4 27. Rxc4 {[%mdl 4096] Endgame KRB-KRB} Ra8 28. Bd4 Bf8 29. a4 Rd8 30. Be3 Rd7 31. Bd4 (31. Kf1 {is more complex.} Kg7 32. Rc1 Be7 33. Ke2 Bf6 34. Rg1+) 31... Rd5 32. Bb6 Rd7 33. Rc8 {[#] Strongly threatening Bc5.} Kg7 34. Kg2 Be7 35. Ba5 Kf6 36. Bc3+ Ke6 37. Rh8 Bf6 38. Bxf6 Kxf6 39. Rxh7 $14 {KR-KR} Rd4 40. Rh6+ Kg7 41. Rb6 Rxa4 42. Rxb7 Kg6 43. Kg3 Ra1 44. Rb6+ Kg7 45. h4 Rh1 46. Rc6 Rg1+ 47. Kf4 Rg2 48. Kxf5 Rxf2 49. Kg4 Rg2+ 50. Kf4 Rh2 51. Kg3 Rh1 52. Rc2 Kh7 53. Rh2 Rg1+ 54. Kf4 Kg6 55. Rh3 {[#] Black must now prevent Rg3+.} Kf6 {The position is equal.} 56. h5 Rg8 57. h6 Rh8 58. Rh2 Kg6 59. Rg2+ Kxh6 60. Kf5 {And now Kf6 would win.} Rc8 61. Kf6 {[%cal Rg2h2]} Rc6+ 62. Kxf7 Rc4 63. Rg3 Kh5 64. Ke6 Kh4 65. Rg6 Rf4 66. Rf6 Kg3 {Precision: White = 49%, Black = 68%.} 1/2-1/2

[Event "RUS-chT Blitz Men 2018"]
[Site "Sochi"]
[Date "2018.10.10"]
[Round "6"]
[White "Morozevich, Alexander"]
[Black "Kamsky, Gata"]
[Result "1-0"]
[WhiteElo "2656"]
[BlackElo "2666"]
[Annotator "TA"]
[PlyCount "71"]
[EventDate "2018.10.10"]
[EventType "swiss"]
[EventCountry "RUS"]
[SourceTitle "playchess.com"]
[Source "ChessBase"]
[SourceQuality "1"]

{[%evp 11,71,28,45,16,23,16,18,22,23,23,29,27,45,19,17,12,17,7,58,27,53,48,54,43,52,48,91,89,94,75,108,103,224,219,261,257,250,242,383,335,327,327,309,291,312,287,310,294,339,288,326,292,309,299,299,296,1001,998,958,962,984,948]} 1. e4 c5 2. Nf3 e6 3. g3 b6 4. Bg2 Bb7 5. d3 d6 6. O-O {B40: Sizilianisch (Klassisches System mit e7-e6)} Nd7 {LiveBook: 31 Partien} 7. Ng5 Be7 8. f4 {Weiß hat minimalen Vorteil.} Bxg5 $146 ({Vorgänger:} 8... h6 9. Nh3 Ngf6 10. f5 e5 11. c4 Nb8 12. Nc3 {0-1 (58) Bologan,V (2641)-Hamdouchi,H (2541) Cap d'Agde 2000}) 9. fxg5 Ne7 10. Nc3 (10. Rf2 {keeps more tension.} O-O 11. Nc3 Ng6 12. Bd2 Bc6 13. Qh5) 10... a6 11. h4 {[%cal Bh2h4,Bh4h5][%mdl 32]} Qc7 12. h5 Rf8 13. Qe1 Nc6 14. Ne2 Nce5 (14... O-O-O $11) 15. Bf4 O-O-O 16. b4 $1 cxb4 17. Qxb4 Qc5+ 18. Qd4 Nc6 19. Qf2 Qxf2+ 20. Rxf2 Nde5 21. Bh3 Kc7 {[#]} (21... Rde8 $16 {war nötig.}) 22. Raf1 $1 $18 b5 23. d4 Nc4 24. Bc1 Nb4 (24... Rd7 $142 25. Bxe6 fxe6) 25. Bxe6 Bxe4 26. Rxf7+ Rxf7 27. Rxf7+ Kb6 28. Rxg7 Nxa2 29. Bf4 Bxc2 30. g6 hxg6 31. h6 (31. hxg6 a5 $14) 31... g5 32. Bxg5 Re8 33. Nf4 Nd2 $2 {[#]} (33... Ka5 34. h7 Rh8) 34. Nd5+ {Weiß steht klar auf Gewinn.} Ka5 35. Bxd2+ b4 36. Re7 {Precision: Weiß = 76%, Schwarz = 32%.} 1-0

[Event "RUS-chT Blitz Men 2018"]
[Site "Sochi"]
[Date "2018.10.10"]
[Round "6"]
[White "Zvjaginsev, Vadim"]
[Black "Alekseenko, Kirill"]
[Result "1/2-1/2"]
[WhiteElo "2644"]
[BlackElo "2639"]
[Annotator "TA"]
[PlyCount "55"]
[EventDate "2018.10.10"]
[EventType "swiss"]
[EventCountry "RUS"]
[SourceTitle "playchess.com"]
[Source "ChessBase"]
[SourceQuality "1"]

{[%evp 11,55,0,13,6,14,10,20,10,16,-14,-14,-7,-12,-10,0,0,14,6,15,0,39,24,47,0,25,24,6,5,21,-26,0,-33,-32,-96,-35,-62,-6,-11,0,-17,-17,-20,-3,-7,30,31]} 1. e4 c5 2. Nf3 Nc6 3. Bb5 g6 4. O-O Bg7 5. d3 Nf6 6. c3 O-O 7. h3 {B31: Sicilian: 2...Nc6 3 Bb5 g6} d6 8. Re1 Bd7 9. Nbd2 {The position is equal.} (9. Ba4 e5 10. Nbd2 Qc7 11. Nf1 Rad8 12. Bg5 h6 13. Bh4 Be6 14. Ne3 a6 15. Qc1 Ne7 16. Bxf6 Bxf6 {1-0 (55) Artemiev,V (2702)-Pridorozhni,A (2564) Ekaterinburg 2018}) 9... Rb8 $146 ({Predecessor:} 9... a6 10. Ba4 b5 11. Bb3 e5 12. Nf1 Be6 13. Bg5 h6 14. Bxf6 Qxf6 15. Ne3 h5 {½-½ (74) Chadaev,N (2535)-Libiszewski,F (2480) Moscow 2008}) 10. a4 a6 11. Bxc6 $1 Bxc6 12. a5 Nd7 13. Nc4 Qc8 14. Bg5 Re8 15. Qd2 b5 16. axb6 $1 Nxb6 17. Ne3 c4 18. Nxc4 Nxc4 19. dxc4 Qb7 20. Bh6 Bh8 21. Qf4 Qxb2 22. Rxa6 (22. Ng5 $15 Bf6 23. c5 (23. Rxa6 Rbc8 $15) 23... Qxc3 24. cxd6) 22... Bb7 (22... Bxc3 $17 23. Rc1 (23. Rxc6 $2 Bxe1 24. Qe3 Bb4 $19) 23... Bb7) 23. Raa1 ({Wrong is} 23. Ng5 $2 f6 $19) 23... Qxc3 (23... Bxc3 $15 24. Nd2 Qxa1 25. Rxa1 Bxa1) 24. Rac1 $11 Qf6 25. Qxf6 Bxf6 26. e5 dxe5 27. Nxe5 Red8 28. Ng4 {Precision: White = 48%, Black = 21%.} 1/2-1/2

[Event "RUS-chT Blitz Men 2018"]
[Site "Sochi"]
[Date "2018.10.10"]
[Round "6"]
[White "Rakhmanov, Aleksandr"]
[Black "Triapishko, Alexandr"]
[Result "1/2-1/2"]
[WhiteElo "2634"]
[BlackElo "2508"]
[Annotator "TA"]
[PlyCount "140"]
[EventDate "2018.10.10"]
[EventType "swiss"]
[EventCountry "RUS"]
[SourceTitle "playchess.com"]
[Source "ChessBase"]
[SourceQuality "1"]

{[%evp 9,140,-10,18,-8,4,-13,21,13,23,23,25,25,29,24,64,68,66,43,46,47,50,33,37,35,45,32,51,30,88,25,29,-38,-56,-29,0,0,0,0,0,0,6,0,0,0,0,0,9,0,0,-13,-13,-38,-13,-13,-8,-30,0,0,0,0,0,-30,0,-26,0,0,0,0,0,0,0,0,0,0,0,0,0,0,4,0,105,60,133,131,141,0,95,0,135,0,0,0,0,0,0,0,3,0,0,0,37,38,42,39,71,71,72,73,507,231,1016,985,990,745,707,696,697,592,538,508,392,0,0,0,0,0,0,0,0,0,0,0,0]} 1. c4 b6 2. Nc3 Bb7 3. d4 e6 4. e3 f5 (4... Bb4 5. Nge2 Nf6 6. a3 Be7 7. Nf4 O-O 8. Bd3 d5 9. cxd5 exd5 10. b4 c5 11. bxc5 bxc5 12. dxc5 Nbd7 13. O-O Nxc5 14. Be2 Bd6 15. Nb5 Be5 16. Rb1 Nfe4 17. Bb2 Bxb2 18. Rxb2 {½-½ (40) Izoria,Z (2599)-Nakamura,H (2781) chess.com INT 2018}) 5. d5 Na6 6. g3 $146 {A40: Unusual replies to 1 d4} ({Predecessor:} 6. Be2 Nf6 7. Bf3 c6 8. Nge2 Nc5 9. Nd4 Qc8 10. O-O g6 11. dxe6 dxe6 12. b4 {½-½ (52) Ivanov,M (2435)-Miezis,N (2530) Neuhausen 2004}) 6... Nf6 7. Bg2 g6 8. Nge2 Bg7 9. O-O O-O 10. b3 Nc5 11. Ba3 a5 12. Bxc5 bxc5 13. dxe6 Bxg2 14. Kxg2 dxe6 15. Qxd8 Rfxd8 16. Rad1 Kf7 17. Na4 Bf8 18. Nf4 Nd7 (18... Rd6 $11 {keeps the balance.}) 19. Rfe1 (19. Nd3 $16) 19... Nb6 $11 20. e4 (20. Nd3 $11) 20... Nxa4 $15 21. bxa4 Rd4 22. exf5 exf5 23. Rxd4 cxd4 $11 {[%mdl 4096] Endgame KRB-KRN} 24. Nd3 Rb8 25. Ne5+ Kg7 {White must now prevent ...Rb4.} 26. Nd3 Kf6 27. Re5 {[#]} c5 $1 {[%mdl 512]} 28. Re1 (28. Nxc5 Kxe5) 28... Bd6 29. Kf1 g5 30. Kg2 h5 31. h3 g4 32. hxg4 hxg4 (32... fxg4 {seems wilder.} 33. Kf1 Kf5 34. Rc1 Rh8 35. Ke2 h4) 33. Rh1 Kg6 34. Re1 Kf6 35. Rd1 Kg6 36. Kf1 Kf6 37. Ke2 Re8+ 38. Kd2 {[#]} f4 $1 {[%mdl 512]} 39. gxf4 (39. Nxf4 Bxf4+) 39... Kf5 40. Rb1 Bxf4+ 41. Kd1 $1 Ke4 42. Nxc5+ Kf3 43. Nd3 Rh8 44. Rb7 Ke4 (44... g3 $11 {remains equal.} 45. fxg3 Bxg3) 45. Kc2 Bg5 (45... Bd6 $1 $14) 46. Rg7 $16 Kf5 47. Rf7+ (47. c5 $16) 47... Ke4 (47... Ke6 $1 $11 48. Rg7 Kf5) 48. Rg7 Kf5 49. Ra7 ({White should try} 49. Rd7 $16) 49... Rh2 $1 $11 50. Rxa5+ Kf6 {Threatens to win with ...g3.} 51. Ra6+ Kf5 {Threatening ...g3.} 52. Ra5+ Kf6 {...g3 is the strong threat.} 53. Rb5 g3 {Hoping for ...g2.} 54. Rb1 gxf2 (54... Be3 $5) 55. Rf1 Be3 56. a5 {[%cal Ba4a5,Ba5a6,Ba6a7][%mdl 32]} Kf5 57. a6 Rh6 58. Nxf2 Bxf2 $2 {[%mdl 8192]} (58... Rxa6 $16 {is tougher.} 59. Nd3+ Kg5) 59. Rxf2+ $16 {KR-KR} (59. a7 $142 Ra6 60. Rxf2+ Ke5 61. Rf7) 59... Ke4 $2 (59... Ke5 60. Re2+ Kd6) 60. a7 Ra6 61. Rf7 d3+ 62. Kc3 $1 Ra3+ {[#]} 63. Kb2 $1 {[%cal Rb2a3]} Ra6 64. Rd7 Ke3 {[#]} 65. c5 $2 ({White has to play} 65. a3 $1 $18) 65... d2 $11 {The position is equal.} 66. c6 Rxa7 $1 67. Rd6 Ke2 68. Re6+ Kd3 69. Rd6+ Ke2 70. Re6+ Kd3 {Precision: White = 48%, Black = 46%.} 1/2-1/2